000 00380nam a2200169Ia 4500
001 15375
005 20260306170151.0
008 260306t9999||||xx |||||||||||||| ||und||
041 _aESP
082 _a537
_bC33
100 _aCastro Zarate, Juan
_eAUT
245 0 _aSolucionario de fĂ­sica II
300 _a
_c
650 _aGEN
654 _aCCN
942 _cLIB
_dJUS
_fJUS
_2ddc
_n
999 _c15375
_d15375